• 首页
  • 本馆介绍
  • 公告通知
  • 最新文献
  • 馆藏检索
  • 电子资源
  • 读者导购
  • 参考咨询
  • 我的图书馆
  • 登录
  • 详细信息显示
  • 放入我的书架
  • 预约/预借图书
  • 作者相关作品
  • 分类相关作品
  • 丛书相关作品
  • 出版社相关作品

书目信息

  • 表格格式
  • 工作单格式
  • 卡片格式
题名:
与中国作家对话
    
 
作者: 木斋
分册:  
出版信息: 北京   京华出版社  36373
页数: 312页
开本: 20cm
丛书名:
单 册:
中图分类: G215
科图分类:
主题词: 新闻学 , 新闻工作
电子资源:
ISBN: 7-80600-385-1
000 00510nam0 2200193 450
001 0728815141
005 20070819080015.14
010    @a7-80600-385-1@d¥19.80
100    @a20070819d km y0chiy0120 ea
101 0  @achi
200 1  @a与中国作家对话@Ayu zhong guo zuo jia dui hua@f木斋@Fmu zhai
210    @a北京@c京华出版社@d36373
215    @a312页@d20cm
606 0  @a新闻学
606 0  @a新闻工作
690    @aG215@v3
701  0 @a木斋@Amu zhai
801  0 @aCN@bPFT@c20070819
905    @a213230@dG215@eZW138@f1
    
    与中国作家对话/木斋.-北京:京华出版社,36373
    312页;20cm
    
    
    ISBN 7-80600-385-1:¥19.80
    
●
相关链接 在E读中查询图书 在五车中查询图书 在当当中查询图书 在豆瓣中查询图书


正题名:与中国作家对话     索取号:G215/ZW138         预约/预借

序号 登录号 条形码 馆藏地/架位号 状态 备注
1 7613773   276137734   密集书库-文学院/ [索取号:G215/ZW138] 在馆    
2 7613774   276137743   密集书库-文学院/ [索取号:G215/ZW138] 在馆    
唐山师范学院图书馆 欢迎您!
大连网信软件有限公司© 版权所有